004630000a22001210004500090001700000245010300017041001400120700003700134100003400171942001300205773010600218999001700324 aASbSeriadas10aAplicación del análisis de varianza de medidas repetidas en un experimento con metales pesados0 aEspañol1 aCampos, Néstor Hernando9356661 aGiraldo Henao, Ramón920500 cARTICULO1 tRevista de la Academia Colombiana de Ciencias Exactas, Fisicas y Naturales332h81q467-472d1997g21 c14142d14142